| 000 | 00688nam a2200229Ia 4500 | ||
|---|---|---|---|
| 003 | GCL | ||
| 008 | 140319s9999 xx 000 0 ara d | ||
| 040 |
_aGCL / _cGCL |
||
| 082 | 0 | 4 |
_a301.31 _bت ت |
| 100 | 1 | _aتوفيق محمد قاسم | |
| 245 | 1 | 0 |
_aالتلوث: مشكلة اليوم والغد / _cتوفيق محمد قاسم |
| 300 | _a114 ص | ||
| 490 |
_aالعلم والحياة _v0 |
||
| 650 | 0 | 4 | _aتلوث البيئة |
| 650 | 0 | 4 | _aحماية البيئة |
| 650 | 0 | 4 | _aالتلوث |
| 650 | 0 | 4 | _aالتلوث الاشعاعى |
| 650 | 0 | 4 | _aالمياه - تلوث |
| 650 | 0 | 4 | _aالهواء - تلوث |
| 650 | 0 | 4 | _aالتربة - تلوث |
| 942 |
_2ddc _cBK |
||
| 999 |
_c38826 _d38826 |
||